000 00739nam a2200253Ia 4500
003 OSt
005 20221006145126.0
006 a|||||r|||| 00| 0
007 ta
008 221006b |||||||| |||| 00| 0 eng d
020 _a0817977120
_c
_10.95
024 _a13,853
037 _cTextual
040 _aEASL
_cEASL
_beng
041 _2eng
_aeng
082 _aV73:191.41.N80, M2
100 _aMYERS Ramon H Ed.
_9478549
245 0 _aU.S. foreign policy for Asia
_b 1980s and beyond
260 _aStandford
_bHoover Institution Press
_c1982
300 _a144p.
_ccm.
490 _v Oth
_aHoover International Studies
942 _hV73:191.41.N80, M2
_cTEXL
_2CC
999 _c1081939
_d1081939